Estadísticas para Prueba de Hungría

Haz click aquí para tomar la prueba!

Estadísticas generales

  • Esta prueba ha sido tomada 274 veces
  • La puntuación promedio es 10 de 19

Estadísticas de respuestas

PistaRespuesta% Correcto
CapitalBudapest
100%
El río qué atraviesa esa ciudadDanubio
92%
Imperio del que Hungría formó parte y que se disolvió en 1918Austria-Hungría
91%
Famoso invento de Ernő RubikCubo de Rubik
80%
Líder de los hunos de 434-453 d.C. que fue llamado "El azote de Dios"
(la relación con los húngaros modernos no está clara)
Atila
78%
País contra el que Hungría se rebeló en 1956Unión Soviética
74%
La especia roja utilizada para dar sabor a ese guisoPaprika
68%
Palabra que se refiere a la etnia húngara (comienza con M)Magiar
66%
Famoso guiso húngaroGulash
54%
Nombra un país, aparte de Hungría, que habla una lengua urálicaFinlandia | Estonia
53%
La cordillera que rodea parcialmente la llanura húngaraCarpatos
49%
El deporte de equipo dominado por Hungría en los Juegos Olímpicos de VeranoWaterpolo
42%
Primer Ministro desde 2010 que ha sido acusado de socavar la democraciaViktor Orbán
34%
El especulador de divisas húngaro-estadounidense que es objeto de muchas teorías de conspiraciónGeorge Soros
33%
El virtuoso del piano que compuso "Rapsodia Húngara"Franz Liszt
31%
El lago más grande en Europa CentralBalatón
30%
Primer rey de HungríaEsteban I
27%
Moneda de Hungría (llamada así por una moneda de Florencia)Forinto
24%
El matemático húngaro-estadounidense considerado como una
de las personas más inteligentes de todos los tiempos
John von {Neumann}
22%

Distribución de puntuación

Porcentaje por número respondido

Porcentaje de gente con cada puntuación

Historial de tus puntuaciones

No has tomado esta prueba